|
|
|
|
| LEADER |
00000cam a2200000 7i4500 |
| 001 |
0000000827 |
| 005 |
20220105103914.0 |
| 008 |
070703 |
| 020 |
|
|
|a 9679416305(set)
|
| 020 |
|
|
|a 9679416321
|
| 090 |
0 |
0 |
|a JP
|b MAL (494)
|
| 100 |
0 |
|
|a Hamdan Mohd Ali
|
| 245 |
1 |
0 |
|a Kisah sebuah topi
|c Hamdan Mohd. Ali
|
| 260 |
|
|
|a Selangor :
|b Oscar Book International ,
|c 2004
|
| 440 |
|
0 |
|a Siri khazanah permata
|
| 500 |
|
|
|a Children age 4-6 years old (yellow)
|
| 650 |
|
0 |
|a Junior preschool
|x Malay
|x Languages
|
| 710 |
0 |
|
|a Title
|
| 999 |
|
|
|a 0000960366
|b Book
|c Children Collection
|e Cawangan Bandar Penawar
|
| 999 |
|
|
|a 0000960367
|b Book
|c Children Collection
|e Perbadanan Perpustakaan Awam Johor
|
| 999 |
|
|
|a 0000960368
|b Book
|c Children Collection
|e Cawangan Tangkak
|